| 000 | 00966cpcaa2200277 4500 | ||
|---|---|---|---|
| 001 | mm 82096727 | ||
| 003 | DLC | ||
| 005 | 20260227111718.0 | ||
| 008 | 820422|||||||||||| eng | ||
| 010 | _amm 82096727 | ||
| 040 |
_aDLC _cDLC _edacs _dDLC |
||
| 072 | 7 |
_aC _2lcmd |
|
| 100 | 1 | _aBoynton, Caleb. | |
| 245 | 0 | 0 |
_aCaleb Boynton papers, _f1775-1778. |
| 300 |
_a2 _fcontainers. |
||
| 506 | 0 | _aOpen to research. | |
| 520 | 8 | _aOrderly books, Boston, Mass., and White Plains, N.Y. | |
| 545 | 0 | _aArmy officer. | |
| 546 | _aCollection material in English. | ||
| 651 | 0 |
_aBoston (Mass.) _xHistory _yRevolution, 1775-1783. |
|
| 651 | 0 |
_aMassachusetts _xHistory _yRevolution, 1775-1783. |
|
| 651 | 0 |
_aNew York (State) _xHistory _yRevolution, 1775-1783. |
|
| 651 | 0 |
_aWhite Plains (N.Y.) _xHistory. |
|
| 656 | 7 |
_aArmy officers. _2itoamc |
|
| 999 |
_c43825 _d43825 |
||